Fundamentals of Corporate Finance (Record no. 12399)

MARC details
000 -LEADER
fixed length control field 00488nam a22001937a 4500
003 - CONTROL NUMBER IDENTIFIER
control field OSt
008 - FIXED-LENGTH DATA ELEMENTS--GENERAL INFORMATION
fixed length control field 240408b |||||||| |||| 00| 0 eng d
020 ## - INTERNATIONAL STANDARD BOOK NUMBER
International Standard Book Number 9789354645648
082 ## - DEWEY DECIMAL CLASSIFICATION NUMBER
Classification number 658.1 PAF
100 ## - MAIN ENTRY--PERSONAL NAME
Personal name PARRINO, Robert and BATES, Thomas W.
245 ## - TITLE STATEMENT
Title Fundamentals of Corporate Finance
250 ## - EDITION STATEMENT
Edition statement 5th. ed,
260 ## - PUBLICATION, DISTRIBUTION, ETC. (IMPRINT)
Place of publication, distribution, etc New Delhi,
Name of publisher, distributor, etc Wiley,
Date of publication, distribution, etc 2023
300 ## - PHYSICAL DESCRIPTION
Extent MISC,
650 ## - SUBJECT ADDED ENTRY--TOPICAL TERM
Topical term or geographic name as entry element Commerce
700 ## - ADDED ENTRY--PERSONAL NAME
Personal name GILLAN, Stuart L.
700 ## - ADDED ENTRY--PERSONAL NAME
Personal name KIDWELL, David S.
942 ## - ADDED ENTRY ELEMENTS (KOHA)
Source of classification or shelving scheme Dewey Decimal Classification
Koha item type Text Books
Holdings
Withdrawn status Lost status Source of classification or shelving scheme Damaged status Not for loan Collection code Home library Current library Date acquired Source of acquisition Currency Cost, normal purchase price Bill Number Total Checkouts Full call number Acc. no. / Barcode Date last seen Actual Cost, discounted price Bill Date Koha item type
    Dewey Decimal Classification     B.Com. Hons PIET NCR College Library PIET NCR College Library 06/04/2024 Zafaa Books & Distributors In Rupees 999.00 ZBD0003   658.1 PAF N3605 08/04/2024 724.28 06/04/2024 Reference Books
    Dewey Decimal Classification     B.Com. Hons PIET NCR College Library PIET NCR College Library 06/04/2024 Zafaa Books & Distributors In Rupees 999.00 ZBD0003   658.1 PAF N3606 08/04/2024 724.28 06/04/2024 Text Books

Design & Developed by: PIET Central Library
R70 Miles Stone Pattikalyana Samalkha Panipat 132102
mail ID :- [email protected], Phone No:- 0180-2569700 Ex.216